| 000 | 00503ntaaa2200193 4500 | ||
|---|---|---|---|
| 003 | 01 | ||
| 005 | 20251027202455.0 | ||
| 008 | 0714s1973 ag 01 | ||
| 040 |
_aAR-BaBN _bspa _cAR-BaBN _eaacr _dRIC |
||
| 082 | _a268.4340 D65 | ||
| 100 |
_aDobbins, Gaines S. _94660 |
||
| 245 | _aThe years ahead | ||
| 250 | _a1 ed. | ||
| 260 |
_aNashville : _bConvention Press, _cc1959 |
||
| 300 | _a144 p. | ||
| 500 | _ael ministerio con los adultos ancianos en la iglesia | ||
| 650 |
_aAdultos _92470 |
||
| 942 | _cBK | ||
| 999 |
_c19752 _d19752 |
||